000 00291nam a2200133Ia 4500
005 20251222152645.0
008 251222s9999||||xx |||||||||||||| ||spa||
020 _a8486768101
082 _a823.7/S31
100 _aScott, Walter
245 0 _aIvanhoe
264 _bMateu S.A.
942 _cLIB
999 _c28219
_d28219